000 04053cam a22004697a 4500
008 100630t1987 xxu||||| |||| 00| 0 ara d
082 _222
_a612
_bف ا ر
100 _915465
_aفارد، بريان
245 _aموسوعة جسم الإنسان /
_c.بريان فارد
260 _aالقاهرة:
_bالمركز العالمى للموسوعات،
_c1987.
300 _a10 مج :
_c24سم.
_bايض، لو؛
505 _a . 2صيانة الجسم -- [مج3] . المخ والجهاز العصبي -- [مج4]. العين والرؤية -- [مج5] . الأذن والسمع -- [مج6] .الغذاء والهضم -- [مج7]. القلب والدم -- [مج8]. الرئتان والتنفس -- [مج9]. الهيكل العظمي والحركة -- [مج 10]. اللمس، التذوق والرائحة .[مج1]. الولادة والنمو -- [مج]
541 _aجمعية الرعاية المتكاملة ؛
_cإهداء ؛
650 _915469
_aالنمو
650 _915475
_aالأطفال
_xنمو
650 _915476
_aالصيانة الوقائية
650 _915477
_aالمخ
650 _915478
_aالجهازالعصبى
650 _915480
_aالعين
650 _915481
_aالعين
_xحماية
650 _915482
_aالأذن
_xحماية
650 _915484
_aالأذن الوسطى
_xحماية
650 _913639
_aالتغذية
650 _915486
_aالجهاز الهضمى
650 _913639
_aالتغذية
650 _915488
_aالهضم
650 _915490
_aالرئتان
650 _915490
_aالرئتان
650 _915492
_aالهيكل العظمى
650 _915494
_aالتذوق
650 _915496
_aالحواس
942 _2ddc
_cBB
999 _c14295
_d14295